Statistics for Sony Animation movies

Click here to take the quiz!

General Stats

  • This quiz has been taken 29 times
    (13 since last reset)
  • The average score is 6 of 21

Answer Stats

HintAnswer% Correct
2012Hotel Transylvania
50%
2015Hotel Transylvania 2
50%
2006Open Season
50%
2018Spider-Man: Into the Spider-Verse
50%
2011The Smurfs
50%
2013The Smurfs 2
50%
2009Cloudy with a Chance of Meatballs
40%
2013Cloudy with a Chance of Meatballs 2
40%
2018Hotel Transylvania 3: Summer Vacation
40%
2011Arthur Christmas
30%
2021Hotel Transylvania 4: Transformania
30%
2007Surf's Up
30%
2017The Emoji Movie
30%
2017Smurfs: The Lost Village
20%
2015Goosebumps
10%
2018Goosebumps 2: Haunted Halloween
10%
2018Peter Rabbit
10%
2019The Angry Birds Movie 2
10%
2021The Mitchells Vs. The Machines
10%
2012The Pirates! Band of Misfits
10%
2017The Star
10%

Score Distribution

Percentile by Number Answered

Percent of People with Each Score

Your Score History

You have not taken this quiz since the last reset